Regulatory policy in Chile government capacity to ensure high-quality regulation
Salvato in:
| Natura: | Libro |
|---|---|
| Lingua: | inglese |
| Pubblicazione: |
Paris
OECD
2016
|
| Serie: | OECD reviews of regulatory reform
|
| Soggetti: | |
| Tags: |
Nessun Tag, puoi essere il primo ad aggiungerne!!
|
MARC
| LEADER | 00000nam a2200000 4500 | ||
|---|---|---|---|
| 001 | 0220066 | ||
| 005 | 20240314123433.5 | ||
| 020 | |a 978-92-64-25455-8 | ||
| 041 | 0 | |a eng | |
| 044 | |a FR | ||
| 245 | 1 | 0 | |a Regulatory policy in Chile |b government capacity to ensure high-quality regulation |
| 264 | 1 | |a Paris |b OECD |c 2016 | |
| 300 | |a 278 s. | ||
| 490 | 1 | |a OECD reviews of regulatory reform | |
| 830 | 0 | |a OECD reviews of regulatory reform | |
| 610 | 2 | 0 | |a situácia hospodárska |
| 610 | 2 | 0 | |a makroekonomika |
| 610 | 2 | 0 | |a obdobie prechodné |
| 610 | 2 | 0 | |a ukazovatele finančné |
| 610 | 2 | 0 | |a rast produktivity práce |
| 610 | 2 | 0 | |a prostredie podnikateľské |
| 610 | 2 | 0 | |a trh práce |
| 610 | 2 | 0 | |a reformy |
| 610 | 2 | 0 | |a regulácia |
| 610 | 2 | 0 | |a spolupráca medzinárodná |
| 610 | 2 | 0 | |a inštitúcie verejnoprávne |
| 610 | 2 | 0 | |a transparentnosť |
| 610 | 2 | 0 | |a Čile |